Responses for show #2013 - Wednesday, May 12, 1993

1993 College Championship semifinal game 3.

Contestants

[<< previous game]

Jessica Sison, a sophomore from San Francisco State University

Phoebe Juel, a junior from Grinnell College

Nelson Brooks, a senior from University of South Carolina

[next game >>]

Jeopardy! Round responses

ASTRONOMY
WAYNE'S WORLD
MUSICAL INSTRUMENTS
THE AMERICAN REVOLUTION
TIME
6-LETTER WORDS
    $100 1
eclipse of the Sun

Jessica
    $100 4
their last names

Nelson
    $100 14
anvil

Phoebe
    $100 10
Bahamas

Nelson
    $100 30
hat

Phoebe
    $100 21
hooray

Phoebe
    $200 2
crater

Nelson
    $200 5
Dana Carvey

Phoebe
    $200 19
cymbals

Phoebe
    $200 11
Ethan Allen

Nelson
    $200 17
40

Nelson
    $200 22
tartar sauce

Nelson
    $300 3
galaxies

Phoebe
    $300 6
Baberaham Lincoln

Jessica
    $300 23
5

Nelson
    $300 12
Hessians

Phoebe
    $300 18
30

Jessica
    $300 27
pocket

Nelson
    $700 8
Mars

Nelson
    $400 7
(Jessica: What is we're unworthy!)

We're not worthy

NelsonJessica
    $400 24
trumpet

Phoebe
    $400 15
Patrick Henry

Phoebe
    $400 20
(Phoebe: What is dawn?)

morrow

NelsonPhoebe
    $400 28
salami

Phoebe
    $500 9
(Jessica: What is Mercury?)

Pluto

NelsonJessica
    $500 13
"Bohemian Rhapsody"

Jessica
    $500 25
flute

Phoebe
    $500 16
Brandywine

Triple Stumper
    $500 26
High Noon

Jessica
    $500 29
mayhem

Triple Stumper

Scores at the first commercial break (after clue 15):

Nelson Phoebe Jessica
$2,200 $1,300 $0

Scores at the end of the Jeopardy! Round:

Nelson Phoebe Jessica
$3,600 $2,600 $800

Double Jeopardy! Round responses

THE MIDDLE AGES
MISCHIEF MAKERS
THE NEW CABINET
WORLD CAPITALS
-OLOGIES
FINALS
    $200 6
cross

Jessica
    $200 1
The Little Rascals (Our Gang)

Jessica
    $200 30
Zoƫ Baird

Phoebe
    $200 14
Caracas

Nelson
    $200 20
astrology

Phoebe
    $200 29
Declaration of Independence

Nelson
    $400 7
castles

Nelson
    $400 2
(Nelson: Who was, uh, Peter Cottontail?)

Peter Rabbit

NelsonPhoebe
    $400 4
Les Aspin

Phoebe
    $400 15
Madrid

Jessica
    $400 21
dreams

Nelson
    $400 28
Hank Aaron

Phoebe
    $600 8
Eleanor of Aquitaine

Phoebe
    $2,000 3
(Alex: And we want to thank producer Joe Dante for allowing us to use one of his many successful [*] on our program.)

Gremlin

Phoebe
    $600 5
Warren Christopher

Nelson
    $600 17
Moscow

Jessica
    $600 22
bones

Phoebe
    $600 25
Jack the Ripper

Jessica
    $800 16
plays

Nelson
    $800 11
The Adventures of Huckleberry Finn

Phoebe
    $2,000 9
Lloyd Bentsen

Phoebe
    $800 18
Mogadishu

Phoebe
    $800 23
chronology

Nelson
    $800 26
League of Nations

Nelson
    $1000 13
Charlemagne

Nelson
    $1000 12
Puck

Phoebe
    $1000 10
Henry Cisneros

Nelson
    $1000 19
(Jessica: What is Toronto?)

Ottawa

NelsonJessica
    $1000 24
worms

Phoebe
    $1000 27
Chopin

Nelson

Scores at the end of the Double Jeopardy! Round:

Nelson Phoebe Jessica
$11,400 $13,000 $1,800

[wagering suggestions for these scores]

Final Jeopardy! Round responses

NAMES IN THE NEWS
JessicaWho is Michael Jackson?
$1,799
NelsonWho Ross Perot
$11,400
PhoebeWho is Perot
$13,000
Ross Perot

Final scores:

Nelson Phoebe Jessica
$22,800 $26,000 $1
2nd place: $5,000 Finalist 3rd place: $5,000

Game dynamics:

Coryat scores:

Nelson Phoebe Jessica
$11,100 $10,400 $1,800
24 R
(including 1 DD),
1 W
24 R
(including 2 DDs),
1 W
10 R,
3 W

Combined Coryat: $23,300

The J! Archive is created by fans, for fans. The Jeopardy! game show and all elements thereof, including but not limited to copyright and trademark thereto, are the property of Jeopardy Productions, Inc. and are protected under law. This website is not affiliated with, sponsored by, or operated by Jeopardy Productions, Inc. Join the discussion at JBoard.tv.